Ч. I; Очерки по истории русского землеведения

Bibliographic Details
Parent link:Очерки по истории русского землеведения/ М. С. Боднарский; Академия наук СССР (АН СССР). Ч. 1.— , 1947
Language:Russian
Published: 1947
Subjects:
Format: Book
KOHA link:https://koha.lib.tpu.ru/cgi-bin/koha/opac-detail.pl?biblionumber=230854

MARC

LEADER 00000nam0a2200000 4500
001 230854
005 20231101231031.0
035 |a (RuTPU)RU\TPU\book\251838 
090 |a 230854 
100 |a 20130125d1947 km y0rusy50 ca 
101 0 |a rus 
102 |a RU 
105 |a bf z 001zy 
200 0 |a Ч. I 
210 |d 1947 
215 |a 287 с.  |c ил. 
317 |5 63413507: КР-523  |a Поступила в НТБ в 2004 г. в составе книжного собрания профессора ТПИ К. В. Радугина. 
320 |a Библиогр.: с. 240-253. 
320 |a Хронологический указатель событий: с. 254-264. 
320 |a Указатель имен: с. 265-273. 
320 |a Указатель географических названий: с. 274-287. 
461 |t Очерки по истории русского землеведения  |f М. С. Боднарский  |g Академия наук СССР (АН СССР)  |v Ч. 1  |d 1947  |s Научно-популярная серия 
606 1 |a Землеведение  |x Физическая география  |2 stltpush  |3 (RuTPU)RU\TPU\subj\53319  |9 71634 
610 1 |a история 
610 1 |a древность 
610 1 |a географические открытия 
610 1 |a русские землепроходцы 
610 1 |a Средневековье 
610 1 |a 18 век 
610 1 |a 19 век 
610 1 |a кругосветные экспедиции 
610 1 |a кругосветные плавания 
610 1 |a географические исследования 
610 1 |a библиотека К. В. Радугина 
610 1 |a источниковедение 
610 1 |a историография 
675 |a 911.2  |v 3 
801 1 |a RU  |b 63413507  |c 20130125 
801 2 |a RU  |b 63413507  |c 20130320  |g RCR 
942 |c BK